LEADER 01198nam a2200265 i 4500 001 000000141600 003 CaOOAMICUS 005 20050725000000.0 008 050725s1973 it u000 u ita u 013 $a116287 040 $aSeMil$bita 100 1 $aBoring, Edwin Garrigues.$0(OLS)http://semarc/name/56910 245 12$aL'analisi operazionale della psicologia /$cE. G. Boring ... [et al.] ; Antologia di scritti a cura di Umberto Curi. 260 $aMilano :$bFranco Angeli,$ccopyr. 1973. 300 $a291 p. ;$c23 cm. 490 0 $aCollana di psicologia. Sez. 2., La psicologia oggi ;$v7 500 $aContiene : Bibliografia. 650 4$aPsicologia - Studi.$0(OLS)http://semarc/subject/2427 700 1 $aCuri, Umberto,$d<1941- >.$0(OLS)http://semarc/name/39374 830 0$aCollana di psicologia. Sez. 2, La psicologia oggi ;$v7.$0(OLS)http://semarc/title/26820 850 $aSeMil 852 $aSeMil$W1$xVenegono$y1$m80 37.2 7 *$j94820$B94820$CSeMilBibl$Z2$F101529 $81 961 $aLascito: Corradi mons. Enrico 996 $6245$aL'analisi operazionale della psicologia$9(OLS)http://semarc/title/206929 996 $6260$aMilano :$bFranco Angeli$9(OLS)http://semarc/publisher/30369 LEADER 01055nam a2200253 i 4500 001 000000221389 003 CaOOAMICUS 005 20211213145255.0 008 130705s2013 it u000 u ita u 013 $a200286 020 $a978-88-394-0845-7 040 $aSeMil$bita 100 1 $aBovon, François <1938-2013>.$0(OLS)http://semarc/name/3392 245 10$aCommento a 19,28-24,53. 264 1$aBrescia :$bPaideia,$c2013. 300 $a695 p. ;$c22 cm. 773 0 $aBovon, François <1938-2013>$tVangelo di Luca.$dBrescia : Paideia, 2005-2013.$bEd. italiana / a cura di Oscar Ianovitz$kCommentario Paideia. Nuovo Testamento$g3$w()15608 850 $aSeMil 852 $aSeMil$W1$xVenegono$y1$m2WA D 3/3$j231024$B171740$CSeMilBibl$Z2$F181977 $81 961 $aAcquisto: Città Nuova (Agente) 996 $6020$a978-88-394-0845-7$9(OLS)http://semarc/number/220395 996 $6245$aCommento a 19,28-24,53$9(OLS)http://semarc/title/317360 996 $6264$aBrescia :$bPaideia$9(OLS)http://semarc/publisher/29614